000 00592nam a2200181 i 4500
001 90756
003 ES-MaACL
005 20230906180542.0
007 t|
008 050124s1958 sp ||||1| spa d
100 1 _aLeithaeuser, Joachim G.
_971405
245 1 3 _aLa segunda creación del mundo /
_cJoachim G. Leithèauser ; [traducción del alemán por E. Donato y Prunera].
250 _a[1ª ed.].
260 _aBarcelona :
_bDestino,
_c[1958] (
_fClarasó)
300 _a315 p., 53 lám. :
_bil. ;
_c25 cm.
700 1 _aDonato Prunera, E.
_945296
852 _aES-MaACL
_jC-14965
_bR.42487
999 _c90756
_d90756